| 000 | 01223nam a22003015i 4500 | ||
|---|---|---|---|
| 003 | EG-ScBUE | ||
| 005 | 20260428111557.0 | ||
| 008 | 170509s2012 le a frb f001 0 ara d | ||
| 020 | _a9789953025308 | ||
| 040 |
_aEG-ScBUE _bara _erda _cEG-ScBUE _dEG-ScBUE |
||
| 043 | _ama----- | ||
| 082 | 0 | 4 |
_a551.4150174927 _bغ ر ا _222 |
| 100 | 1 |
_aغرايبة، خليف مصطفى، _eمؤلف. |
|
| 245 | 1 | 2 |
_aالسياحة الصحراوية : _bتنمية الصحراء في الوطن العربي / _cخليف مصطفى غرايبة. |
| 250 | _aالطبعة الأولى. | ||
| 264 | 1 |
_aبيروت : _bالمركز العربي للأبحاث ودراسة السياسات، _c2012. |
|
| 300 |
_a304 صفحة : _bإيضاحيات ؛ _c24 سم |
||
| 336 |
_2rdacontent _aنص _btxt |
||
| 337 |
_aبدون وسيط _2rdamedia _bn |
||
| 338 |
_aمجلد _bnc _2rdacarrier |
||
| 500 | _aيشتمل على كشاف. | ||
| 504 | _aيشتمل على إرجاعات ببليوجرافية. | ||
| 650 | 7 |
_aالصحاري _zالبلاد العربية. _2BUEsh |
|
| 650 | 7 |
_aالسياحة _xجوانب اقتصادية _zالبلاد العربية. _2BUEsh |
|
| 653 |
_bGGEN _cMay2017 |
||
| 655 | _vReading book | ||
| 942 | _2ddc | ||
| 999 |
_c24812 _d24784 |
||